01361nam a2200265 a 450000100100000000500170001000800410002702000140006804000250008208200170010710000440012424500910016826000360025930000310029550000630032659000260038965000510041571000700046691000370053695201300057395201300070395201240083395201210095799900170107800001480820200929163914.0100122s2008 dr 000 0 spa d zno valido aDO-SdBNPbspacBNPHU a368.4bM385c1 aMartínez de los Santos, Roberto9859910aConozca el sistema dominicano de seguridad social /cRoberto Martínez de los Santos. aSanto Domingo :bCONDES,c2008. a152 p. :bTablas ;c21 cm. aIncluye datos biográficos del autor en la contracubierta aInventariado, 2018/LP 4aSeguridad socialzRepública Dominicana921512 aConsultores Didáticos Escolares (República Dominicana)933555 aValidado. Control de calidad MFF 001054708DSaGRbGRcHDd2010-01-22iLF1l0o368.4 M385cp14808-30r2020-06-25te. 3w2020-06-25yLFDSZPréstamo en sala 001054708DSaGRbGRcHDd2010-01-22iLF1l0o368.4 M385cp14808-40r2020-06-25te. 4w2020-06-25yLFDSZPréstamo en sala 001054708PDaPDbPDcHDd2010-01-22iLF1l0o368.4 M385cp14808-10r2020-06-25w2020-06-25yLFPDZPréstamo en sala 0010718PDaPDbPDcHDd2010-01-22iLF1l0o368.4 M385cp14808-20r2020-06-25te. 2w2020-06-25yLFPDZNo se presta c14389d14389